Fundamentals of nursing : (Record no. 465)

MARC details
000 -LEADER
fixed length control field 01045cam a2200325 a 4500
001 - CONTROL NUMBER
control field 16856123
003 - CONTROL NUMBER IDENTIFIER
control field OSt
005 - DATE AND TIME OF LATEST TRANSACTION
control field 20210219154051.0
008 - FIXED-LENGTH DATA ELEMENTS--GENERAL INFORMATION
fixed length control field 110629s2012 enka b 001 0 eng
020 ## - INTERNATIONAL STANDARD BOOK NUMBER
International Standard Book Number 9780131976535
035 ## - SYSTEM CONTROL NUMBER
System control number (DNLM)101563769
040 ## - CATALOGING SOURCE
Original cataloging agency DNLM/DLC
Transcribing agency DLC
Modifying agency DLC
-- PHNSL
042 ## - AUTHENTICATION CODE
Authentication code pcc
050 00 - LIBRARY OF CONGRESS CALL NUMBER
Classification number RT41
Item number .F8813 2012c
060 10 - NATIONAL LIBRARY OF MEDICINE CALL NUMBER
Classification number WY 100
082 00 - DEWEY DECIMAL CLASSIFICATION NUMBER
Classification number 610.73
Edition number 23
245 00 - TITLE STATEMENT
Title Fundamentals of nursing :
Remainder of title concepts, process and practice /
Statement of responsibility, etc. Barbara Kozier ... [et al.].
260 ## - PUBLICATION, DISTRIBUTION, ETC.
Place of publication, distribution, etc. Harlow, England ;
Name of publisher, distributor, etc. Pearson,
Date of publication, distribution, etc. 2008.
300 ## - PHYSICAL DESCRIPTION
Extent xix, 787 p. :
Other physical details col. ill. ;
Dimensions 28 cm.
504 ## - BIBLIOGRAPHY, ETC. NOTE
Bibliography, etc. note Includes bibliographical references and index.
650 #0 - SUBJECT ADDED ENTRY--TOPICAL TERM
Topical term or geographic name entry element Nursing.
650 12 - SUBJECT ADDED ENTRY--TOPICAL TERM
Topical term or geographic name entry element Nursing Process.
650 22 - SUBJECT ADDED ENTRY--TOPICAL TERM
Topical term or geographic name entry element Nursing Care.
650 22 - SUBJECT ADDED ENTRY--TOPICAL TERM
Topical term or geographic name entry element Nursing Theory.
700 1# - ADDED ENTRY--PERSONAL NAME
Personal name Kozier, Barbara.
730 0# - ADDED ENTRY--UNIFORM TITLE
Uniform title Kozier & Erb's fundamentals of nursing / Audrey Berman ... [et al.].
906 ## - LOCAL DATA ELEMENT F, LDF (RLIN)
a 7
b cbc
c orignew
d 1
e ecip
f 20
g y-gencatlg
942 ## - ADDED ENTRY ELEMENTS (KOHA)
Source of classification or shelving scheme Library of Congress Classification
Koha item type Books
Holdings
Withdrawn status Lost status Source of classification or shelving scheme Damaged status Not for loan Home library Current library Shelving location Date acquired Total Checkouts Full call number Barcode Date last seen Copy number Price effective from Koha item type Public note
    Library of Congress Classification     Public Health Nurses School Public Health Nurses School General Stacks 02/19/2021   RT41.F96 00746 02/19/2021 c.1 02/19/2021 Books kd 19/02/21
    Library of Congress Classification     Public Health Nurses School Public Health Nurses School General Stacks 02/19/2021   RT41.F96 00747 02/19/2021 c.2 02/19/2021 Books kd 19/02/21
Copyright © 2025 PHNS Library. All Rights Reserved.